00665 2200241 4500001002100000005001500021035002000036007000300056008004100059020002200100082001000122084001600132100001500148245009000163250001000253260004200263300002100305650001800326700002600344504003100370990001100401990001100412INLIS00000000000372620190715032708 a0010-0719000144ta190715 g 0 ind  a978-979-19893-3-6 a297.3 a297.3 ABU m0 aABU, Ammar1 aMizanul Muslim 1 :bBarometer Menuju Muslim Kaffah /cAbu Ammar, Abu Fatiah Al Adnani acet.7 aSukoharjo :bCordova Mediatama,c2017 a672 hlm ;c24 cm 4aISLAM. AQIDAH0 aABU, Fatiah Al Adnani aBibliografi.: hlm. 669-672 a6888 a a6888 b